000 00836nam a22002777a 4500
003 DO-SdBNP
005 20211018132325.0
007 ta
008 210705e2017 dr ac||||| 001spa d
020 _a9789945167009
040 _aDO-SdBNP
_bspa
_cBPMSU
041 _h
082 _a922.2
_bC322v 2015
_222
100 1 _aCartaya, Pedro
_ePadre
245 1 3 _a25 Jesuitas aventureros de Dios /
_cPedro Cartaya ; Marcelino García , prólogo
246 1 3 _aVeinticinco jesuitas aventureros de Dios
260 _aSanto Domingo :
_bCompañía de Jesús
_c2015
300 _a57 p.;
_c23 cm
_bil., retr.
546 _aTexto en inglés
590 _aInventariado 2021/VM
650 4 _aJesuitas
_xVida espiritual
650 4 _aJesuitas
_vBiografías.
_x
700 1 _aGarcía, Marcelino
_epról.
910 _aVMateo V.
942 _2ddc
_cBK
999 _c13799
_d13799